<?xml version="1.0" encoding="UTF-8"?>
<record
    xmlns:xsi="http://www.w3.org/2001/XMLSchema-instance"
    xsi:schemaLocation="http://www.loc.gov/MARC21/slim http://www.loc.gov/standards/marcxml/schema/MARC21slim.xsd"
    xmlns="http://www.loc.gov/MARC21/slim">

  <leader>00588nam a22001937a 4500</leader>
  <datafield tag="999" ind1=" " ind2=" ">
    <subfield code="c">16310</subfield>
    <subfield code="d">16310</subfield>
  </datafield>
  <controlfield tag="008">170217b        xxu||||| |||| 00| 0 eng d</controlfield>
  <datafield tag="020" ind1=" " ind2=" ">
    <subfield code="a">0521884761</subfield>
  </datafield>
  <datafield tag="040" ind1=" " ind2=" ">
    <subfield code="a">KABU</subfield>
    <subfield code="c">KABU</subfield>
  </datafield>
  <datafield tag="050" ind1=" " ind2=" ">
    <subfield code="a">KU3535</subfield>
    <subfield code="b">.R67 2007 C.1</subfield>
  </datafield>
  <datafield tag="100" ind1=" " ind2=" ">
    <subfield code="a">Ross QC, David</subfield>
  </datafield>
  <datafield tag="245" ind1=" " ind2=" ">
    <subfield code="a">Advocacy </subfield>
    <subfield code="c">by David Ross QC</subfield>
  </datafield>
  <datafield tag="250" ind1=" " ind2=" ">
    <subfield code="a">2 nd ed.</subfield>
  </datafield>
  <datafield tag="260" ind1=" " ind2=" ">
    <subfield code="a">New York</subfield>
    <subfield code="b">Cambridge</subfield>
    <subfield code="c">2007</subfield>
  </datafield>
  <datafield tag="300" ind1=" " ind2=" ">
    <subfield code="a">xi, 180 p.</subfield>
  </datafield>
  <datafield tag="650" ind1=" " ind2=" ">
    <subfield code="a">Rrial pratice</subfield>
    <subfield code="z">Australia</subfield>
  </datafield>
  <datafield tag="650" ind1=" " ind2=" ">
    <subfield code="a">Examination of witnesses</subfield>
    <subfield code="z">Australia</subfield>
  </datafield>
  <datafield tag="650" ind1=" " ind2=" ">
    <subfield code="a">Legal etiquette</subfield>
    <subfield code="z">Australia</subfield>
  </datafield>
  <datafield tag="942" ind1=" " ind2=" ">
    <subfield code="2">lcc</subfield>
    <subfield code="c">BK</subfield>
    <subfield code="e">2 nd ed.</subfield>
    <subfield code="h">KU3535 .R67 2007 C.1</subfield>
  </datafield>
  <datafield tag="952" ind1=" " ind2=" ">
    <subfield code="0">0</subfield>
    <subfield code="1">0</subfield>
    <subfield code="2">lcc</subfield>
    <subfield code="7">0</subfield>
    <subfield code="a">KABU</subfield>
    <subfield code="b">KABU</subfield>
    <subfield code="c">GEN</subfield>
    <subfield code="d">2017-02-17</subfield>
    <subfield code="g">13000.00</subfield>
    <subfield code="l">17</subfield>
    <subfield code="m">3</subfield>
    <subfield code="o">KU3535 .R67 2007 C.1</subfield>
    <subfield code="p">021290</subfield>
    <subfield code="r">2021-07-09 00:00:00</subfield>
    <subfield code="s">2021-06-18</subfield>
    <subfield code="t">C.1</subfield>
    <subfield code="w">2017-02-17</subfield>
    <subfield code="y">BK</subfield>
  </datafield>
  <datafield tag="952" ind1=" " ind2=" ">
    <subfield code="0">0</subfield>
    <subfield code="1">0</subfield>
    <subfield code="2">lcc</subfield>
    <subfield code="7">0</subfield>
    <subfield code="a">KABU</subfield>
    <subfield code="b">KABU</subfield>
    <subfield code="c">GEN</subfield>
    <subfield code="d">2017-02-17</subfield>
    <subfield code="g">4856.00</subfield>
    <subfield code="l">1</subfield>
    <subfield code="o">KU3535 .R67 2007 C. 2</subfield>
    <subfield code="p">028144</subfield>
    <subfield code="r">2021-01-29 00:00:00</subfield>
    <subfield code="s">2021-01-06</subfield>
    <subfield code="t">C. 2</subfield>
    <subfield code="w">2017-02-17</subfield>
    <subfield code="y">BK</subfield>
  </datafield>
  <datafield tag="952" ind1=" " ind2=" ">
    <subfield code="0">0</subfield>
    <subfield code="1">0</subfield>
    <subfield code="2">lcc</subfield>
    <subfield code="7">0</subfield>
    <subfield code="a">KABU</subfield>
    <subfield code="b">KABU</subfield>
    <subfield code="c">GEN</subfield>
    <subfield code="d">2017-02-17</subfield>
    <subfield code="g">4856.00</subfield>
    <subfield code="l">1</subfield>
    <subfield code="o">KU3535 .R67 2007 C. 3</subfield>
    <subfield code="p">028145</subfield>
    <subfield code="r">2022-02-04 00:00:00</subfield>
    <subfield code="s">2022-01-24</subfield>
    <subfield code="t">C. 3</subfield>
    <subfield code="w">2017-02-17</subfield>
    <subfield code="y">BK</subfield>
  </datafield>
</record>
